La ética protestante y el espíritu del capitalismo /
সংরক্ষণ করুন:
| প্রধান লেখক: | |
|---|---|
| বিন্যাস: | অজ্ঞাত |
| ভাষা: | Spanish |
| প্রকাশিত: |
Barcelona, España :
Ediciones Península
|
| বিষয়গুলি: | |
| ট্যাগগুলো: |
ট্যাগ যুক্ত করুন
কোনো ট্যাগ নেই, প্রথমজন হিসাবে ট্যাগ করুন!
|
MARC
| LEADER | 00000 a2200000 04500 | ||
|---|---|---|---|
| 001 | 44711 | ||
| 003 | |||
| 008 | 050522s1969 sp spa d | ||
| 040 | |||
| 020 | |a Sin ISBN | ||
| 022 | |a [Pendiente] | ||
| 090 | |a 0001 W382e | ||
| 100 | |a Weber, Max | ||
| 245 | |a La ética protestante y el espíritu del capitalismo / |c Max Weber | ||
| 260 | |a Barcelona, España : |b Ediciones Península | ||
| 300 | |a 263 páginas | ||
| 500 | |a Colección Rosa María Pochet Coronado | ||
| 650 | |a IGLESIAS PROTESTANTES | ||
| 650 | |a FUNDAMENTALISMO | ||
| 650 | |a CAPITALISMO | ||
| 650 | |a ETICA | ||
| 650 | |a CRISTIANIMSO | ||
| 999 | |c 14885 |d 14885 | ||
